00338nam a2200133Ia 4500008004100000041000800041082001600049100001900065245004400084260003100128300003200159365000700191440000600198240624s9999 xx 000 0 und d aeng a005.133 HUB aHUBBARD JOHN R aSCHAUM S OUTLINE OF THEORY AND PROBLEMS aNew DelhibTata McGrawhill aviii, : 356 : p. : cm. ; 27 cRS v1